Nghiên cứu nấm họ Tricholomataceae vùng nam Tây Nguyên /
Shranjeno v:
| Glavni avtor: | |
|---|---|
| Drugi avtorji: | |
| Format: | Luận văn |
| Jezik: | Vietnamese |
| Izdano: |
Đà Lạt :
Trường Đại học Đà Lạt,
1996
|
| Teme: | |
| Oznake: |
Označite
Brez oznak, prvi označite!
|
| Thư viện lưu trữ: | Thư viện Trường Đại học Đà Lạt |
|---|
| LEADER | 00911nam a2200325 4500 | ||
|---|---|---|---|
| 001 | DLU030024182 | ||
| 005 | ##20030801 | ||
| 040 | # | # | |a DLU |b vie |
| 041 | # | # | |a vie |
| 044 | # | # | |a vn |
| 082 | # | # | |a 570 |b LE-C |
| 100 | # | # | |a Lê Huy Chinh |
| 245 | # | # | |a Nghiên cứu nấm họ Tricholomataceae vùng nam Tây Nguyên / |c Lê Huy Chinh |
| 260 | # | # | |a Đà Lạt : |b Trường Đại học Đà Lạt, |c 1996 |
| 300 | # | # | |a 80 tr. ; |c 29 cm |
| 653 | # | # | |a Họ Tricholomataceae |
| 653 | # | # | |a Nấm |
| 653 | # | # | |a Tây Nguyên |
| 653 | # | # | |a Tiến hoá |
| 700 | # | # | |a Lê Bá Dũng |c PTS. |e Cán bộ hướng dẫn |
| 901 | # | # | |a /libol50/attach/doc/doc20070618EGFB.pdf |
| 915 | # | # | |a Sinh học |c Thạc sĩ |d Trường Đại học Đà Lạt |
| 994 | # | # | |a DLU |
| 900 | # | # | |a True |
| 911 | # | # | |a Lê Nguyên Khang |
| 925 | # | # | |a G |
| 926 | # | # | |a A |
| 927 | # | # | |a LA |
| 980 | # | # | |a Thư viện Trường Đại học Đà Lạt |